La question des limites

保存先:
書誌詳細
第一著者: Alain Finkielkraut
フォーマット: 図書
言語:Undetermined
出版事項: Paris école polytechnique 2000
主題:
タグ: タグ追加
タグなし, このレコードへの初めてのタグを付けませんか!
Thư viện lưu trữ: Trung tâm Học liệu Trường Đại học Cần Thơ
LEADER 00515nam a2200181Ia 4500
001 CTU_43881
008 210402s9999 xx 000 0 und d
082 |a 848 
082 |b F499/2000 
100 |a Alain Finkielkraut 
245 0 |a La question des limites 
245 0 |c Alain Finkielkraut 
260 |a Paris 
260 |b école polytechnique 
260 |c 2000 
650 |a french literature - essays 
904 |i Nguyễn Quang Điền, 010911 
980 |a Trung tâm Học liệu Trường Đại học Cần Thơ